000 00771nam a22002417a 4500
003 UA-OsUOA
001 116473
007 ta
008 20160316b un ||||| |||| 00| 0 ukr d
090 _a811.161.2
_bМ74
942 _cBK
040 _aUA-OsUOA
_bukr
_cUA-OsUOA
_dUA-OsUOA
245 _aМова - народ. Висловлювання про мову та її значення в житті народу
_cупор. О. Тихий
300 _a416 с.
955 _a2
041 _aukr
080 _a811.161.2
020 _a966-8499-53-0
591 _aБейкер О.
260 _aК.
_bСмолоскип
_c2007
650 7 _a8 Мовознавство. Художня література. Літературознавство
_2UDC
999 _c402364
_d402364